[Event "GER-chT Betriebe 18th"]
[Site "Altenberg Zinnwald"]
[Date "2018.11.10"]
[Round "6.1"]
[White "Koerlin, Hans Juergen"]
[Black "Tangermann, Erhard"]
[Result "1-0"]
[WhiteElo "1878"]
[BlackElo "1741"]
[PlyCount "65"]
[EventDate "2018.11.08"]
[EventType "team-swiss"]
[EventRounds "7"]
[EventCountry "GER"]
[SourceTitle "EXT 2020"]
[Source "ChessBase"]
[SourceDate "2019.10.17"]
[SourceVersion "1"]
[SourceVersionDate "2019.10.17"]
[SourceQuality "1"]
[WhiteTeam "Berlin Tempelhof II"]
[BlackTeam "Ludwigsfelde Stern"]
[WhiteTeamCountry "GER"]
[BlackTeamCountry "GER"]

1. e4 d6 2. d4 Nf6 3. Nc3 g6 4. f4 c6 5. Nf3 Bg7 6. a4 a5 7. Be2 0-0 8. 0-0 Qb6 9. Kh1 Bd7 10. Ra3 Na6 11. e5 Nd5 12. Ne4 Qc7 13. Qe1 f5 14. Neg5 h6 15. Qh4 b5 16. c4 bxc4 17. Bxc4 Nab4 18. Nh3 Be8 19. Qg3 Kh7 20. Nhg5+ Kh8 21. Ne6 Qd7 22. Nxf8 Bxf8 23. Qh4 Kg8 24. Ng1 Kh7 25. Rh3 Rb8 26. Nf3 Bg7 27. e6 Qa7 28. g4 fxg4 29. Qxg4 Nf6 30. Qh4 Kg8 31. f5 g5 32. Bxg5 hxg5 33. Qxg5 1-0

[Event "GER-chT Betriebe 18th"]
[Site "Altenberg Zinnwald"]
[Date "2018.11.08"]
[Round "2.1"]
[White "Tangermann, Erhard"]
[Black "Lau, Peter"]
[Result "1/2-1/2"]
[WhiteElo "1741"]
[BlackElo "1770"]
[PlyCount "55"]
[EventDate "2018.11.08"]
[EventType "team-swiss"]
[EventRounds "7"]
[EventCountry "GER"]
[SourceTitle "EXT 2020"]
[Source "ChessBase"]
[SourceDate "2019.10.17"]
[SourceVersion "1"]
[SourceVersionDate "2019.10.17"]
[SourceQuality "1"]
[WhiteTeam "Ludwigsfelde Stern"]
[BlackTeam "Altenberg Europark"]
[WhiteTeamCountry "GER"]
[BlackTeamCountry "GER"]

1. Nf3 f5 2. d4 Nf6 3. c4 g6 4. Nc3 Bg7 5. g3 d6 6. Bg2 0-0 7. 0-0 Nc6 8. d5 Ne5 9. Nd2 c6 10. Qb3 cxd5 11. cxd5 b6 12. Nf3 Ned7 13. Qd1 Nc5 14. Nd4 Bd7 15. f3 Rc8 16. Be3 Qe8 17. Rc1 h6 18. Qd2 g5 19. b4 Na6 20. a3 Qh5 21. Qd3 Rxc3 22. Qxc3 Nxd5 23. Qb3 e6 24. Bf2 Nac7 25. Rc2 Kh7 26. Rfc1 Ne8 27. Qd3 Nef6 28. Rd2 1/2-1/2

[Event "GER-chT Betriebe 16th"]
[Site "Dresden"]
[Date "2016.11.05"]
[Round "5.3"]
[White "Tangermann, Erhard"]
[Black "Gebert Vangeel, Ralf"]
[Result "1/2-1/2"]
[WhiteElo "1654"]
[BlackElo "2042"]
[PlyCount "67"]
[EventDate "2016.11.03"]
[EventType "team-swiss"]
[EventRounds "7"]
[EventCountry "GER"]
[SourceTitle "EXT 2020"]
[Source "ChessBase"]
[SourceDate "2019.10.17"]
[SourceVersion "1"]
[SourceVersionDate "2019.10.17"]
[SourceQuality "1"]
[WhiteTeam "Ludwigsfelde Stern"]
[BlackTeam "Berlin Osram"]
[WhiteTeamCountry "GER"]
[BlackTeamCountry "GER"]

1. Nf3 Nf6 2. d4 d5 3. c4 c6 4. cxd5 cxd5 5. Nc3 e6 6. g3 g6 7. Bg2 Bg7 8. 0-0 0-0 9. Bf4 a6 10. Rc1 Nc6 11. Ne5 Nh5 12. Nxc6 bxc6 13. Qd2 Nxf4 14. Qxf4 Qb6 15. e3 f6 16. Qd6 Rd8 17. Na4 Qb5 18. Qa3 Bf8 19. Qb3 Bd7 20. Nc5 Rab8 21. Qa4 Qxa4 22. Nxa4 e5 23. b3 exd4 24. exd4 Rb4 25. Rfd1 Re8 26. Rc3 Re2 27. a3 Rb8 28. Bf1 Ra2 29. b4 Kf7 30. Bxa6 Ra8 31. Nb6 Rxa6 32. Nxd7 R2xa3 33. Rxa3 Rxa3 34. Ne5+ 1/2-1/2